000 02298nam0a2200325 4500
001 RU\NLR\BIBL_A\022495626
005 20250603105054.0
010 _a978-5-6050039-5-3
_9500
021 _aRU
_bКН-П-25-001932
_9КН-П-25-0183
035 _a(NLR Aleph) 022495626
090 _a13427167
_c13427167
100 _a20250319d2023 u y0rusy50 ca
101 0 _arus
102 _aRU
105 _aa j 000yy
181 0 _ai3
_baxxe
182 0 _an
200 1 _aПубличные закупки как инструмент фискальной политики государства
_eучебное пособие
_eдля обучающихся по программам высшего образования по укрупненной группе специальностей и направлений подготовки 40.00.00 Юриспруденция и программам дополнительного профессионального образования
_fШ. М. Шурпаев
_gСанкт-Петербургский юридический институт (филиал) Университета прокуратуры Российской Федерации
203 _aТекст
_bвизуальный
_cнепосредственный
210 _aСанкт-Петербург
_cОтдел научной информации и издательской деятельности Санкт-Петербургского юридического института (филиала) Университета прокуратуры Российской Федерации
_d2023
215 _a110 с.
_cил., табл.
_d21
300 _aВ вып. дан. авт.: Ш. М. Шурпаев, канд. юрид. наук, канд. экон. наук
320 _aБиблиогр.: с. 106-110 (28 назв.) и в подстроч. примеч.
606 1 _aГосударственные закупки
_jУчебные издания для высших учебных заведений
_92269534
_3RU\NLR\AUTH\661360356
686 1 _aУ41(0)-381я73
700 1 _aШурпаев
_bШ. М.
_gШамиль Мурадович
942 _cBOOK
980 _aNB